<?xml version="1.0" encoding="UTF-8"?>
<record
    xmlns:xsi="http://www.w3.org/2001/XMLSchema-instance"
    xsi:schemaLocation="http://www.loc.gov/MARC21/slim http://www.loc.gov/standards/marcxml/schema/MARC21slim.xsd"
    xmlns="http://www.loc.gov/MARC21/slim">

  <leader>01557nam a22002297a 4500</leader>
  <controlfield tag="003">AR-RoUNCS</controlfield>
  <controlfield tag="005">20260209155101.0</controlfield>
  <controlfield tag="008">260209t2013    ag |||||r|||| 00| 1 spa d</controlfield>
  <datafield tag="020" ind1=" " ind2=" ">
    <subfield code="a">987-987-1950-04-1</subfield>
  </datafield>
  <datafield tag="040" ind1=" " ind2=" ">
    <subfield code="c">AR-RoUNCS</subfield>
    <subfield code="a">AR-RoUNCS</subfield>
  </datafield>
  <datafield tag="080" ind1=" " ind2=" ">
    <subfield code="0">82-34(821.6)</subfield>
  </datafield>
  <datafield tag="100" ind1="1" ind2=" ">
    <subfield code="a">Britos, Marcelo,</subfield>
    <subfield code="d">1970-</subfield>
    <subfield code="e">autor</subfield>
  </datafield>
  <datafield tag="245" ind1="1" ind2="3">
    <subfield code="a">El &#xFA;ltimo azul de la noche /</subfield>
    <subfield code="c">Marcelo Britos.</subfield>
  </datafield>
  <datafield tag="250" ind1=" " ind2=" ">
    <subfield code="a">1a ed.</subfield>
  </datafield>
  <datafield tag="260" ind1=" " ind2=" ">
    <subfield code="a">Rosario :</subfield>
    <subfield code="b">El Omb&#xFA; Bonsai,</subfield>
    <subfield code="c">2013.</subfield>
  </datafield>
  <datafield tag="300" ind1=" " ind2=" ">
    <subfield code="a">132 p. ;</subfield>
    <subfield code="c">20 cm.</subfield>
  </datafield>
  <datafield tag="490" ind1="0" ind2=" ">
    <subfield code="a">Colecci&#xF3;n Ra&#xED;ces A&#xE9;reas</subfield>
  </datafield>
  <datafield tag="520" ind1=" " ind2=" ">
    <subfield code="a">"'El &#xFA;ltimo azul de la noche' de Marcelo Britos re&#xFA;ne cinco cuentos: 'El caballo del hombre solitario (Tuyut&#xED;, 1864)'; 'Una mujer que dorm&#xED;a con el vientro (Patagonia argentina, 1921)';'Niebla (Islas Malvinas, 1982)', 'La orquesta roja (Rosario, 1988)'; y finalmente, el que le da t&#xED;tulo a esta compilaci&#xF3;n: 'El &#xFA;ltimo azul de la noche (Villa Constituci&#xF3;n, 2010)'. En un principio, debido a la definici&#xF3;n cronot&#xF3;pica de cada uno de los par&#xE9;ntesis que componen los t&#xED;tulos de los cuentos, parece remitir a diferentes momentos de la historia argentina. Sin embargo, los relatos van y vienen en el tiempo y aquellos momentos de la historia se cruzan en una colecci&#xF3;n de relatos que reflexionan en torno de la idea de Naci&#xF3;n. &#xC9;sta se esconde detr&#xE1;s de los discursos de la guerra, la traici&#xF3;n, la desigualdad, el silencio, entre personajes signados por la nostalgia ligada al pasado y a la muerte." </subfield>
  </datafield>
  <datafield tag="650" ind1=" " ind2="7">
    <subfield code="a">Literatura argentina</subfield>
    <subfield code="2">embne</subfield>
  </datafield>
  <datafield tag="655" ind1=" " ind2="7">
    <subfield code="a">Cuentos hist&#xF3;ricos</subfield>
    <subfield code="2">embne</subfield>
  </datafield>
  <datafield tag="942" ind1=" " ind2=" ">
    <subfield code="2">udc</subfield>
    <subfield code="c">OG</subfield>
    <subfield code="n">0</subfield>
  </datafield>
  <datafield tag="999" ind1=" " ind2=" ">
    <subfield code="c">895</subfield>
    <subfield code="d">895</subfield>
  </datafield>
  <datafield tag="952" ind1=" " ind2=" ">
    <subfield code="0">0</subfield>
    <subfield code="1">0</subfield>
    <subfield code="2">udc</subfield>
    <subfield code="4">0</subfield>
    <subfield code="7">0</subfield>
    <subfield code="8">CG</subfield>
    <subfield code="a">ESOCIALES</subfield>
    <subfield code="b">ESOCIALES</subfield>
    <subfield code="d">2026-02-09</subfield>
    <subfield code="e">Donaci&#xF3;n 2023</subfield>
    <subfield code="l">0</subfield>
    <subfield code="o">82-34(821.6) B862</subfield>
    <subfield code="p">000360</subfield>
    <subfield code="r">2026-02-09 15:40:44</subfield>
    <subfield code="w">2026-02-09</subfield>
    <subfield code="y">LPD</subfield>
  </datafield>
</record>
